[Event "MCR druzstev mladsich zaku 2019"]
[Site "Trest"]
[Date "2019.06.15"]
[Round "7.6"]
[White "Kubatova, Ema"]
[Black "Sehnoutkova, Laura"]
[Result "0-1"]
[BlackElo "1406"]
[WhiteElo "1227"]
[LiveChessVersion "1.4.8"]

1. e4 {[%clk 0:25:17]} d5 {[%clk 0:25:19]} 2. d3 {[%clk 0:24:28]} dxe4
{[%clk 0:25:13]} 3. dxe4 {[%clk 0:24:36]} Qxd1+ {[%clk 0:25:21]} 4. Kxd1
{[%clk 0:24:44]} Nf6 {[%clk 0:25:26]} 5. Nc3 {[%clk 0:24:52]} Nc6
{[%clk 0:25:33]} 6. Nf3 {[%clk 0:24:59]} Bg4 {[%clk 0:25:38]} 7. Be2
{[%clk 0:24:51]} Rd8+ {[%clk 0:25:25]} 8. Bd2 {[%clk 0:24:53]} e6
{[%clk 0:25:30]} 9. h3 {[%clk 0:24:57]} Bh5 {[%clk 0:25:23]} 10. Nh2
{[%clk 0:20:51]} Bxe2+ {[%clk 0:25:24]} 11. Kxe2 {[%clk 0:20:57]} Bb4
{[%clk 0:25:10]} 12. Rhe1 {[%clk 0:20:24]} Bxc3 {[%clk 0:25:14]} 13. Bxc3
{[%clk 0:20:32]} Nxe4 {[%clk 0:25:19]} 14. Kf1 {[%clk 0:20:32]} Nxc3
{[%clk 0:25:26]} 15. bxc3 {[%clk 0:20:39]} O-O {[%clk 0:25:34]} 16. Rab1
{[%clk 0:19:55]} b6 {[%clk 0:25:39]} 17. Kg1 {[%clk 0:18:55]} Rfe8
{[%clk 0:25:14]} 18. Nf3 {[%clk 0:18:04]} h6 {[%clk 0:24:58]} 19. Rbd1
{[%clk 0:16:05]} Rxd1 {[%clk 0:25:01]} 20. Rxd1 {[%clk 0:16:13]} Rd8
{[%clk 0:25:09]} 21. Rxd8+ Nxd8 {[%clk 0:25:17]} 22. Kf1 {[%clk 0:16:06]} Nc6
{[%clk 0:25:26]} 23. Ke2 {[%clk 0:16:12]} Kh7 {[%clk 0:25:34]} 24. Ke3
{[%clk 0:16:18]} Kg6 {[%clk 0:25:43]} 25. Kf4 {[%clk 0:16:22]} Kf6
{[%clk 0:25:49]} 26. Nd2 {[%clk 0:16:18]} g6 {[%clk 0:25:24]} 27. h4
{[%clk 0:16:02]} Ne7 {[%clk 0:25:12]} 28. Ne4+ {[%clk 0:16:02]} Kg7
{[%clk 0:25:19]} 29. c4 {[%clk 0:15:59]} Nf5 {[%clk 0:24:18]} 30. g3
{[%clk 0:15:54]} Nd6 {[%clk 0:24:23]} 31. c5 {[%clk 0:15:29]} Nxe4
{[%clk 0:24:26]} 32. Kxe4 {[%clk 0:15:32]} bxc5 {[%clk 0:24:34]} 33. Kd3
{[%clk 0:15:36]} Kf6 {[%clk 0:24:42]} 34. Kc4 {[%clk 0:15:20]} Ke5
{[%clk 0:24:44]} 35. f3 {[%clk 0:15:15]} Kd6 {[%clk 0:24:52]} 36. c3
{[%clk 0:15:18]} c6 {[%clk 0:24:59]} 37. a3 {[%clk 0:15:09]} f6 {[%clk 0:24:59]}
38. a4 {[%clk 0:14:38]} a5 {[%clk 0:25:04]} 39. g4 {[%clk 0:14:03]} f5
{[%clk 0:24:51]} 40. g5 {[%clk 0:13:45]} hxg5 {[%clk 0:24:56]} 41. hxg5
{[%clk 0:13:52]} e5 {[%clk 0:25:00]} 42. Kd3 {[%clk 0:13:53]} Kd5
{[%clk 0:25:06]} 43. c4+ {[%clk 0:13:51]} Ke6 {[%clk 0:25:06]} 44. Ke3
{[%clk 0:13:54]} Ke7 {[%clk 0:24:28]} 45. f4 {[%clk 0:13:59]} exf4+
{[%clk 0:24:23]} 46. Kxf4 {[%clk 0:14:06]} Ke6 {[%clk 0:24:32]} 47. Ke3
{[%clk 0:14:10]} Ke5 {[%clk 0:24:40]} 48. Kd3 {[%clk 0:14:08]} Kf4
{[%clk 0:24:45]} 49. Ke2 {[%clk 0:14:09]} Kxg5 {[%clk 0:24:31]} 50. Kf3
{[%clk 0:14:15]} Kh4 {[%clk 0:24:40]} 51. Kg2 {[%clk 0:14:19]} Kg4
{[%clk 0:24:48]} 52. Kf2 {[%clk 0:14:27]} Kf4 {[%clk 0:24:57]} 53. Kg2
{[%clk 0:14:34]} Ke3 {[%clk 0:25:05]} 54. Kg3 {[%clk 0:14:26]} g5
{[%clk 0:25:14]} 55. Kg2 {[%clk 0:14:33]} f4 {[%clk 0:25:16]} 56. Kf1
{[%clk 0:14:38]} g4 {[%clk 0:25:24]} 57. Kg2 {[%clk 0:14:46]} Kd3
{[%clk 0:25:26]} 58. Kf2 {[%clk 0:14:51]} Kxc4 {[%clk 0:25:34]} 59. Ke2
{[%clk 0:14:59]} Kb3 {[%clk 0:25:42]} 60. Kd3 {[%clk 0:15:03]} Kxa4
{[%clk 0:25:45]} 61. Ke4 {[%clk 0:15:06]} f3 {[%clk 0:25:51]} 62. Ke3
{[%clk 0:15:10]} c4 {[%clk 0:25:58]} 63. Kf2 {[%clk 0:15:16]} c3 {[%clk 0:26:06]}
64. Kg3 {[%clk 0:15:25]} c2 {[%clk 0:26:15]} 65. Kxg4 {[%clk 0:15:33]} f2
{[%clk 0:26:23]} 66. Kf4 {[%clk 0:15:35]} f1=Q+ {[%clk 0:26:28]} 67. Ke4
{[%clk 0:15:39]} c1=R {[%clk 0:26:32]} 68. Kd4 {[%clk 0:15:45]} Qf5
{[%clk 0:26:24]} 69. Ke3 {[%clk 0:15:51]} Rc4 {[%clk 0:26:28]} 70. Ke2
{[%clk 0:15:55]} Qh3 {[%clk 0:26:37]} 71. Kd2 {[%clk 0:15:59]} 0-1

[Event "MCR druzstev mladsich zaku 2019"]
[Site "Trest"]
[Date "2019.06.15"]
[Round "7.7"]
[White "Paseka, Matyas"]
[Black "Simunek, Jakub Simon"]
[Result "1-0"]
[BlackElo "1540"]
[WhiteElo "1642"]
[LiveChessVersion "1.4.8"]

1. e4 e6 {[%clk 0:25:14]} 2. d4 {[%clk 0:25:26]} d5 {[%clk 0:25:22]} 3. Nd2
{[%clk 0:25:35]} a6 {[%clk 0:25:27]} 4. e5 {[%clk 0:25:24]} c5 {[%clk 0:25:29]}
5. c3 {[%clk 0:25:23]} Nc6 {[%clk 0:25:17]} 6. Ndf3 {[%clk 0:25:15]} Bd7
{[%clk 0:25:12]} 7. Bd3 {[%clk 0:25:15]} cxd4 {[%clk 0:25:07]} 8. cxd4
{[%clk 0:25:23]} Qb6 {[%clk 0:25:13]} 9. Ne2 Bb4+ {[%clk 0:24:22]} 10. Bd2
{[%clk 0:25:20]} Bxd2+ {[%clk 0:24:11]} 11. Qxd2 {[%clk 0:25:24]} Nb4
{[%clk 0:24:07]} 12. O-O {[%clk 0:24:36]} Nxd3 {[%clk 0:24:01]} 13. Qxd3
{[%clk 0:24:37]} Bb5 {[%clk 0:24:02]} 14. Qd2 {[%clk 0:24:36]} Ne7
{[%clk 0:23:54]} 15. Rfd1 {[%clk 0:24:04]} Nf5 {[%clk 0:23:16]} 16. Ng3
{[%clk 0:23:54]} Nxg3 {[%clk 0:23:04]} 17. hxg3 {[%clk 0:24:02]} O-O
{[%clk 0:23:10]} 18. b3 {[%clk 0:23:20]} Rac8 {[%clk 0:22:24]} 19. a4
{[%clk 0:23:20]} Bd7 {[%clk 0:22:20]} 20. Qd3 {[%clk 0:23:25]} h6
{[%clk 0:22:12]} 21. Rac1 {[%clk 0:23:10]} Rc7 {[%clk 0:21:48]} 22. Rxc7
{[%clk 0:22:13]} Qxc7 {[%clk 0:21:56]} 23. Qd2 {[%clk 0:21:00]} Rc8
{[%clk 0:21:45]} 24. Ne1 {[%clk 0:20:31]} b5 {[%clk 0:19:51]} 25. a5
{[%clk 0:20:29]} Qc3 {[%clk 0:19:47]} 26. b4 {[%clk 0:19:54]} Qa3
{[%clk 0:17:53]} 27. Rb1 {[%clk 0:15:44]} Qc3 {[%clk 0:16:39]} 28. Rb2
{[%clk 0:15:37]} Qxd2 {[%clk 0:16:26]} 29. Rxd2 {[%clk 0:15:37]} Rc4
{[%clk 0:16:35]} 30. Nc2 {[%clk 0:15:46]} f6 {[%clk 0:16:32]} 31. f4
{[%clk 0:15:52]} Be8 {[%clk 0:16:11]} 32. f5 {[%clk 0:13:48]} exf5
{[%clk 0:15:36]} 33. Ne3 {[%clk 0:13:55]} Rxb4 {[%clk 0:15:28]} 34. Nxd5
{[%clk 0:14:03]} Rc4 {[%clk 0:15:18]} 35. e6 {[%clk 0:13:48]} Bc6
{[%clk 0:13:52]} 36. Nb6 {[%clk 0:13:47]} Rc1+ {[%clk 0:13:57]} 37. Kf2
{[%clk 0:13:55]} Kf8 {[%clk 0:13:26]} 38. d5 {[%clk 0:14:01]} Bb7
{[%clk 0:12:50]} 39. d6 {[%clk 0:14:04]} Ke8 {[%clk 0:11:14]} 40. d7+
{[%clk 0:14:11]} Kd8 {[%clk 0:11:13]} 41. e7+ {[%clk 0:14:20]} 1-0

[Event "MCR druzstev mladsich zaku 2019"]
[Site "Trest"]
[Date "2019.06.15"]
[Round "7.8"]
[White "Prazak, Daniel"]
[Black "Vasinek, Martin"]
[Result "1-0"]
[BlackElo "1700"]
[WhiteElo "1782"]
[LiveChessVersion "1.4.8"]

1. e4 {[%clk 0:25:18]} c5 {[%clk 0:25:19]} 2. Nf3 {[%clk 0:25:25]} Nc6
{[%clk 0:25:28]} 3. Bb5 {[%clk 0:25:29]} g6 {[%clk 0:25:36]} 4. Bxc6
{[%clk 0:25:30]} dxc6 {[%clk 0:25:31]} 5. O-O {[%clk 0:25:13]} Bg7
{[%clk 0:25:39]} 6. d3 {[%clk 0:24:41]} Nf6 {[%clk 0:25:44]} 7. Nc3
{[%clk 0:24:24]} O-O {[%clk 0:25:50]} 8. h3 {[%clk 0:23:59]} b5 {[%clk 0:25:28]}
9. Re1 {[%clk 0:22:45]} Qc7 {[%clk 0:25:23]} 10. Be3 {[%clk 0:21:48]} Nd7
{[%clk 0:25:02]} 11. d4 {[%clk 0:15:34]} cxd4 {[%clk 0:24:57]} 12. Bxd4
{[%clk 0:15:21]} Bb7 {[%clk 0:22:40]} 13. Bxg7 {[%clk 0:14:05]} Kxg7
{[%clk 0:22:47]} 14. Qe2 {[%clk 0:12:48]} Ne5 {[%clk 0:22:32]} 15. Nxe5
{[%clk 0:11:31]} Qxe5 {[%clk 0:22:39]} 16. a3 {[%clk 0:10:16]} a6
{[%clk 0:22:25]} 17. Rad1 {[%clk 0:08:43]} Rfd8 {[%clk 0:22:18]} 18. Qe3
{[%clk 0:07:59]} e6 {[%clk 0:20:22]} 19. Qb6 {[%clk 0:06:34]} Rxd1
{[%clk 0:18:59]} 20. Rxd1 {[%clk 0:06:43]} Rb8 {[%clk 0:18:59]} 21. Rd7
{[%clk 0:04:48]} Bc8 {[%clk 0:19:03]} 22. Qc7 {[%clk 0:04:57]} Qxc7
{[%clk 0:18:58]} 23. Rxc7 {[%clk 0:05:06]} Bb7 {[%clk 0:18:55]} 24. e5
{[%clk 0:04:25]} Ba8 {[%clk 0:16:11]} 25. b4 {[%clk 0:02:14]} Kf8
{[%clk 0:15:14]} 26. Ne4 {[%clk 0:01:39]} Rd8 {[%clk 0:13:24]} 27. Nd6
{[%clk 0:01:38]} f6 {[%clk 0:13:17]} 28. Rf7+ {[%clk 0:01:26]} Kg8
{[%clk 0:13:12]} 29. Rxf6 {[%clk 0:01:35]} Rd7 {[%clk 0:12:31]} 30. Rxe6
{[%clk 0:01:41]} Kg7 {[%clk 0:12:27]} 31. Re8 {[%clk 0:01:48]} Bb7
{[%clk 0:12:35]} 32. Nxb7 {[%clk 0:01:55]} Rxb7 {[%clk 0:12:43]} 33. Rc8
{[%clk 0:02:00]} Re7 {[%clk 0:12:22]} 34. Rxc6 {[%clk 0:01:49]} Rxe5
{[%clk 0:12:30]} 35. Rxa6 {[%clk 0:01:56]} Re1+ {[%clk 0:12:36]} 36. Kh2
{[%clk 0:02:06]} Rc1 {[%clk 0:12:45]} 37. Ra5 {[%clk 0:02:08]} Rxc2
{[%clk 0:12:51]} 38. Rxb5 {[%clk 0:02:17]} Rxf2 {[%clk 0:12:55]} 39. Rb7+
{[%clk 0:02:24]} Kh6 {[%clk 0:13:03]} 40. b5 {[%clk 0:02:27]} Ra2
{[%clk 0:13:09]} 41. Ra7 {[%clk 0:02:35]} Kg5 {[%clk 0:13:11]} 42. b6
{[%clk 0:02:39]} Rb2 {[%clk 0:13:20]} 43. b7 {[%clk 0:02:48]} Kf6
{[%clk 0:13:26]} 44. a4 {[%clk 0:02:57]} Ke6 {[%clk 0:13:35]} 45. a5
{[%clk 0:03:06]} Kd6 {[%clk 0:13:44]} 46. a6 {[%clk 0:03:15]} Kc7
{[%clk 0:13:53]} 47. Ra8 {[%clk 0:03:23]} h6 {[%clk 0:13:51]} 48. Rc8+ 1-0

[Event "MCR druzstev mladsich zaku 2019"]
[Site "Trest"]
[Date "2019.06.15"]
[Round "7.9"]
[White "Buchta, Bartolomej"]
[Black "Barta, David"]
[Result "1/2-1/2"]
[BlackElo "1409"]
[WhiteElo "1556"]
[LiveChessVersion "1.4.8"]

1. e4 {[%clk 0:25:17]} e6 {[%clk 0:25:19]} 2. d4 {[%clk 0:25:25]} d5
{[%clk 0:25:27]} 3. e5 {[%clk 0:25:29]} c5 {[%clk 0:25:35]} 4. c3
{[%clk 0:25:37]} Nc6 {[%clk 0:25:43]} 5. Nf3 {[%clk 0:25:45]} Bd7
{[%clk 0:25:52]} 6. Be2 {[%clk 0:25:49]} cxd4 {[%clk 0:25:22]} 7. cxd4
{[%clk 0:25:56]} Bb4+ {[%clk 0:24:39]} 8. Bd2 {[%clk 0:25:41]} Qb6
{[%clk 0:23:56]} 9. Bxb4 {[%clk 0:25:33]} Qxb4+ {[%clk 0:23:56]} 10. Qd2
{[%clk 0:25:39]} Qxd2+ {[%clk 0:23:57]} 11. Nbxd2 {[%clk 0:25:45]} Nge7
{[%clk 0:24:04]} 12. Nb3 {[%clk 0:25:47]} O-O {[%clk 0:24:09]} 13. Nc5
{[%clk 0:25:42]} Bc8 {[%clk 0:23:30]} 14. Rc1 {[%clk 0:24:30]} b6
{[%clk 0:22:58]} 15. Nb3 {[%clk 0:24:35]} Bb7 {[%clk 0:22:58]} 16. O-O
{[%clk 0:24:19]} Rac8 {[%clk 0:21:28]} 17. Rfe1 {[%clk 0:22:31]} Nb4
{[%clk 0:19:23]} 18. Rxc8 {[%clk 0:21:37]} Rxc8 {[%clk 0:19:15]} 19. a3
{[%clk 0:21:37]} Na6 {[%clk 0:18:08]} 20. Bd3 {[%clk 0:19:26]} Nb8
{[%clk 0:16:21]} 21. Rc1 {[%clk 0:18:43]} Rxc1+ {[%clk 0:16:14]} 22. Nxc1
{[%clk 0:18:51]} Ba6 {[%clk 0:16:13]} 23. Bxa6 {[%clk 0:18:14]} Nxa6
{[%clk 0:16:21]} 24. Na2 {[%clk 0:18:19]} Nb8 {[%clk 0:15:19]} 25. Nc3
{[%clk 0:17:27]} Nbc6 {[%clk 0:15:14]} 26. Nb5 {[%clk 0:17:30]} a5
{[%clk 0:13:56]} 27. Nd6 {[%clk 0:17:13]} Nf5 {[%clk 0:13:09]} 28. Nb5
{[%clk 0:14:43]} Kf8 {[%clk 0:11:51]} 29. g4 {[%clk 0:14:52]} Nh6
{[%clk 0:11:13]} 30. h3 {[%clk 0:14:50]} Ke7 {[%clk 0:11:13]} 31. Nd6
{[%clk 0:14:39]} Na7 {[%clk 0:10:03]} 32. Ng5 {[%clk 0:14:02]} f6
{[%clk 0:09:11]} 33. exf6+ {[%clk 0:13:55]} gxf6 {[%clk 0:08:15]} 34. Nxh7
{[%clk 0:12:37]} Kxd6 {[%clk 0:08:10]} 35. Nxf6 {[%clk 0:12:38]} Nc6
{[%clk 0:07:27]} 36. g5 {[%clk 0:12:34]} Nf5 {[%clk 0:07:30]} 37. g6 Ng7 38. h4
{[%clk 0:11:45]} Nxd4 {[%clk 0:06:54]} 39. h5 {[%clk 0:11:48]} Ndf5
{[%clk 0:06:21]} 40. Kg2 {[%clk 0:10:45]} e5 {[%clk 0:05:17]} 41. Kf3
{[%clk 0:10:34]} Ke6 {[%clk 0:05:03]} 42. Nh7 {[%clk 0:10:14]} Nxh5
{[%clk 0:04:50]} 43. Nf8+ {[%clk 0:10:07]} Ke7 {[%clk 0:04:33]} 44. Nh7
{[%clk 0:09:56]} Nfg7 {[%clk 0:03:48]} 45. Kg4 {[%clk 0:09:11]} d4
{[%clk 0:03:48]} 46. Kf3 {[%clk 0:09:09]} Nf4 {[%clk 0:03:47]} 47. Ke4
{[%clk 0:08:50]} Nxg6 {[%clk 0:03:44]} 48. Ng5 {[%clk 0:08:47]} Ne6
{[%clk 0:02:56]} 49. Nf3 {[%clk 0:08:50]} Nc5+ {[%clk 0:02:53]} 50. Kf5
{[%clk 0:08:51]} Nf4 {[%clk 0:02:00]} 51. Nxe5 {[%clk 0:08:49]} d3
{[%clk 0:01:37]} 52. Nc4 {[%clk 0:08:58]} Nh3 {[%clk 0:01:13]} 53. Nxb6
{[%clk 0:08:17]} Nxf2 {[%clk 0:01:03]} 54. b4 {[%clk 0:07:27]} axb4
{[%clk 0:00:27]} 55. axb4 {[%clk 0:07:36]} Nb7 {[%clk 0:00:20]} 56. Ke5
{[%clk 0:06:47]} Ng4+ {[%clk 0:00:16]} 57. Kd4 {[%clk 0:06:41]} Nf2
{[%clk 0:00:22]} 58. Ke3 {[%clk 0:06:28]} Nd1+ {[%clk 0:00:18]} 59. Kxd3 1/2-1/2

[Event "MCR druzstev mladsich zaku 2019"]
[Site "Trest"]
[Date "2019.06.15"]
[Round "7.10"]
[White "Garabik, Marek"]
[Black "Licka, Denis"]
[Result "0-1"]
[BlackElo "1349"]
[WhiteElo "1471"]
[LiveChessVersion "1.4.8"]

1. e4 {[%clk 0:25:19]} c5 {[%clk 0:25:15]} 2. Nf3 {[%clk 0:25:16]} d6
{[%clk 0:25:23]} 3. d4 {[%clk 0:25:19]} cxd4 {[%clk 0:25:31]} 4. Nxd4
{[%clk 0:25:27]} Nf6 {[%clk 0:25:39]} 5. Nc3 {[%clk 0:25:33]} a6 {[%clk 0:25:47]}
6. Be3 {[%clk 0:25:38]} e5 {[%clk 0:25:55]} 7. Nb3 {[%clk 0:25:38]} Be6
{[%clk 0:26:03]} 8. f3 {[%clk 0:25:46]} Be7 {[%clk 0:25:49]} 9. Bd3
{[%clk 0:25:41]} b5 {[%clk 0:25:36]} 10. Bg5 {[%clk 0:25:24]} Nbd7
{[%clk 0:25:20]} 11. a3 {[%clk 0:24:35]} Qc7 {[%clk 0:25:16]} 12. Bxf6
{[%clk 0:24:20]} Nxf6 {[%clk 0:25:15]} 13. Qd2 {[%clk 0:24:08]} O-O
{[%clk 0:24:55]} 14. Rc1 {[%clk 0:23:29]} Rac8 {[%clk 0:24:54]} 15. Nd5
{[%clk 0:23:02]} Bxd5 {[%clk 0:24:41]} 16. exd5 {[%clk 0:23:08]} h6
{[%clk 0:23:52]} 17. O-O {[%clk 0:22:52]} Nd7 {[%clk 0:22:22]} 18. Bf5
{[%clk 0:22:53]} Bg5 {[%clk 0:21:51]} 19. f4 {[%clk 0:22:18]} Bxf4
{[%clk 0:21:30]} 20. Rxf4 {[%clk 0:22:26]} exf4 {[%clk 0:21:25]} 21. Qxf4
{[%clk 0:22:29]} Rce8 {[%clk 0:21:01]} 22. Rf1 {[%clk 0:20:31]} Nf6
{[%clk 0:18:45]} 23. Bd3 {[%clk 0:19:55]} Nxd5 {[%clk 0:15:19]} 24. Qf5
{[%clk 0:17:36]} Nf6 {[%clk 0:13:48]} 25. Qh3 {[%clk 0:14:51]} Qb6+
{[%clk 0:10:26]} 26. Kh1 {[%clk 0:14:18]} Qe3 {[%clk 0:06:53]} 27. Rf3
{[%clk 0:13:46]} Qe1+ {[%clk 0:05:16]} 28. Rf1 {[%clk 0:13:52]} Qe5
{[%clk 0:02:12]} 29. c3 {[%clk 0:13:01]} Qe6 {[%clk 0:01:15]} 30. Qxe6
{[%clk 0:12:50]} Rxe6 {[%clk 0:00:53]} 31. Nd4 {[%clk 0:12:41]} Re3
{[%clk 0:00:28]} 32. Bc2 {[%clk 0:12:23]} Rfe8 {[%clk 0:00:23]} 33. Kg1
{[%clk 0:12:16]} Re1 {[%clk 0:00:16]} 34. Kf2 {[%clk 0:12:21]} Ng4+
{[%clk 0:00:18]} 35. Kg1 {[%clk 0:12:12]} Rxf1+ {[%clk 0:00:22]} 36. Kxf1
{[%clk 0:12:20]} Nxh2+ {[%clk 0:00:24]} 37. Kf2 {[%clk 0:12:26]} Ng4+
{[%clk 0:00:33]} 38. Kf1 {[%clk 0:12:30]} Ne3+ {[%clk 0:00:39]} 39. Kf2
{[%clk 0:12:32]} Nxc2 {[%clk 0:00:21]} 40. Nxc2 {[%clk 0:12:39]} Kh7
{[%clk 0:00:18]} 41. Ne3 {[%clk 0:12:37]} Kg6 {[%clk 0:00:15]} 42. Nd5
{[%clk 0:12:35]} a5 {[%clk 0:00:12]} 43. Nc7 Rb8 {[%clk 0:00:12]} 44. Nd5
{[%clk 0:12:37]} Rb7 {[%clk 0:00:19]} 45. b4 {[%clk 0:12:09]} axb4
{[%clk 0:00:27]} 46. axb4 {[%clk 0:12:16]} Kf5 {[%clk 0:00:30]} 47. Kg3
{[%clk 0:12:20]} Ke4 {[%clk 0:00:33]} 48. Nf4 {[%clk 0:12:23]} Rc7
{[%clk 0:00:38]} 49. Ne2 {[%clk 0:12:18]} Ke3 {[%clk 0:00:30]} 50. Nd4
{[%clk 0:12:09]} Rxc3 {[%clk 0:00:26]} 51. Nxb5 {[%clk 0:12:15]} Rb3
{[%clk 0:00:24]} 52. Nxd6 {[%clk 0:12:23]} Rxb4 {[%clk 0:00:16]} 53. Nxf7
{[%clk 0:12:31]} Rf4 {[%clk 0:00:17]} 54. Nd6 {[%clk 0:12:11]} h5
{[%clk 0:00:13]} 55. Ne8 {[%clk 0:12:11]} h4+ {[%clk 0:00:13]} 56. Kh2
{[%clk 0:12:20]} g5 {[%clk 0:00:20]} 57. Ng7 {[%clk 0:12:28]} 0-1

[Event "MCR druzstev mladsich zaku 2019"]
[Site "Trest"]
[Date "2019.06.15"]
[Round "7.11"]
[White "Barteckova, Denisa"]
[Black "Cinkova, Vicky"]
[Result "1-0"]
[BlackElo "1411"]
[WhiteElo "1342"]
[LiveChessVersion "1.4.8"]

1. e4 {[%clk 0:25:18]} c5 {[%clk 0:25:01]} 2. Nf3 {[%clk 0:25:26]} Nc6
{[%clk 0:25:08]} 3. d4 {[%clk 0:25:34]} cxd4 {[%clk 0:25:17]} 4. Nxd4
{[%clk 0:25:43]} g6 {[%clk 0:25:25]} 5. Nc3 {[%clk 0:25:49]} Bg7 {[%clk 0:25:30]}
6. Be3 {[%clk 0:25:57]} Nf6 {[%clk 0:25:24]} 7. Qd2 {[%clk 0:26:04]} O-O
{[%clk 0:25:20]} 8. O-O-O {[%clk 0:26:09]} d6 {[%clk 0:25:25]} 9. Bh6
{[%clk 0:26:05]} Nxd4 {[%clk 0:25:33]} 10. Bxg7 {[%clk 0:25:57]} Kxg7
{[%clk 0:25:20]} 11. Qxd4 {[%clk 0:25:47]} Be6 {[%clk 0:25:18]} 12. f3
{[%clk 0:25:47]} Kg8 {[%clk 0:25:13]} 13. g4 {[%clk 0:25:59]} a6 {[%clk 0:25:19]}
14. h4 {[%clk 0:26:03]} h5 {[%clk 0:23:32]} 15. g5 {[%clk 0:25:51]} Nd7
{[%clk 0:23:32]} 16. f4 {[%clk 0:25:45]} Bg4 {[%clk 0:22:35]} 17. Be2
{[%clk 0:25:20]} Bxe2 {[%clk 0:22:02]} 18. Nxe2 {[%clk 0:25:24]} Rc8
{[%clk 0:21:31]} 19. f5 {[%clk 0:25:04]} Qc7 {[%clk 0:21:15]} 20. Nc3
{[%clk 0:24:54]} b5 {[%clk 0:20:00]} 21. Rd2 {[%clk 0:24:51]} Ne5
{[%clk 0:20:07]} 22. Rf1 {[%clk 0:24:08]} Rb8 {[%clk 0:16:21]} 23. Nd5
{[%clk 0:23:34]} Qb7 {[%clk 0:14:39]} 24. f6 {[%clk 0:22:57]} e6 {[%clk 0:13:11]}
25. Ne7+ {[%clk 0:22:41]} Kh7 {[%clk 0:13:13]} 26. b3 {[%clk 0:22:14]} Rfd8
{[%clk 0:07:41]} 27. Rff2 {[%clk 0:20:19]} a5 {[%clk 0:06:30]} 28. Kb2
{[%clk 0:16:56]} a4 {[%clk 0:05:28]} 29. Qb4 {[%clk 0:15:16]} d5 {[%clk 0:04:45]}
30. exd5 {[%clk 0:15:09]} exd5 {[%clk 0:04:50]} 31. Qf4 {[%clk 0:12:52]} Nc4+
{[%clk 0:04:18]} 32. Kc1 {[%clk 0:09:56]} Nxd2 {[%clk 0:04:16]} 33. Rxd2
{[%clk 0:10:01]} axb3 {[%clk 0:04:08]} 34. cxb3 {[%clk 0:09:49]} Qa7
{[%clk 0:03:41]} 35. Nc6 {[%clk 0:09:27]} Qc5+ {[%clk 0:03:50]} 36. Rc2
{[%clk 0:09:32]} Qg1+ {[%clk 0:01:53]} 37. Kb2 {[%clk 0:09:25]} Ra8
{[%clk 0:01:53]} 38. Nxd8 {[%clk 0:08:51]} Rxd8 {[%clk 0:02:02]} 39. Qc7
{[%clk 0:08:40]} Re8 {[%clk 0:01:19]} 40. Qxf7+ {[%clk 0:08:39]} 1-0

[Event "MCR druzstev mladsich zaku 2019"]
[Site "Trest"]
[Date "2019.06.15"]
[Round "7.12"]
[White "Nechvatalova, Eva"]
[Black "Letal, Hynek"]
[Result "0-1"]
[BlackElo "1278"]
[WhiteElo "1028"]
[LiveChessVersion "1.4.8"]

1. e4 {[%clk 0:25:18]} c5 {[%clk 0:25:19]} 2. Nf3 {[%clk 0:25:25]} e6
{[%clk 0:25:27]} 3. Be2 {[%clk 0:25:06]} Nc6 {[%clk 0:25:34]} 4. O-O
{[%clk 0:24:31]} Nf6 {[%clk 0:25:43]} 5. Nc3 {[%clk 0:24:31]} Be7
{[%clk 0:25:50]} 6. d4 {[%clk 0:24:03]} cxd4 {[%clk 0:25:56]} 7. Nxd4
{[%clk 0:24:09]} O-O {[%clk 0:26:03]} 8. Be3 {[%clk 0:24:01]} d5 {[%clk 0:26:08]}
9. exd5 {[%clk 0:23:55]} exd5 {[%clk 0:26:17]} 10. Qd2 {[%clk 0:23:19]} Bb4
{[%clk 0:26:16]} 11. h3 {[%clk 0:22:03]} Ne4 {[%clk 0:26:21]} 12. Qe1
{[%clk 0:21:33]} Qf6 {[%clk 0:26:14]} 13. a3 {[%clk 0:21:02]} Bxc3
{[%clk 0:26:00]} 14. bxc3 Qg6 15. Bf3 {[%clk 0:18:30]} Bxh3 {[%clk 0:25:53]} 16.
Nxc6 {[%clk 0:17:55]} bxc6 {[%clk 0:25:29]} 17. Kh2 {[%clk 0:17:17]} Bf5
{[%clk 0:25:00]} 18. Rd1 {[%clk 0:12:52]} Rfe8 {[%clk 0:24:58]} 19. Kg1
{[%clk 0:09:48]} Ng5 {[%clk 0:24:59]} 20. Qd2 {[%clk 0:08:34]} Nxf3+ 21. Kh1
{[%clk 0:07:29]} Nxd2 {[%clk 0:24:42]} 22. Bxd2 {[%clk 0:07:13]} Re2
{[%clk 0:24:43]} 23. Be3 {[%clk 0:07:17]} Bxc2 {[%clk 0:24:39]} 24. Rc1
{[%clk 0:07:01]} Be4 {[%clk 0:24:52]} 25. Rg1 {[%clk 0:06:52]} Qh5# 0-1

[Event "MCR druzstev mladsich zaku 2019"]
[Site "Trest"]
[Date "2019.06.15"]
[Round "7.13"]
[White "Juhanak, Daniel"]
[Black "Brozka, Karel"]
[Result "0-1"]
[BlackElo "2142"]
[WhiteElo "1550"]
[LiveChessVersion "1.4.8"]

1. d4 {[%clk 0:25:17]} Nf6 {[%clk 0:25:18]} 2. Nf3 {[%clk 0:25:18]} g6
{[%clk 0:25:23]} 3. g3 {[%clk 0:25:22]} Bg7 {[%clk 0:25:31]} 4. Bg2
{[%clk 0:25:26]} O-O {[%clk 0:25:36]} 5. c4 {[%clk 0:25:26]} c5 {[%clk 0:25:43]}
6. O-O {[%clk 0:25:19]} d6 {[%clk 0:25:46]} 7. Nc3 {[%clk 0:24:59]} Nbd7
{[%clk 0:25:38]} 8. e4 {[%clk 0:24:56]} e5 {[%clk 0:25:11]} 9. d5
{[%clk 0:24:22]} Ne8 {[%clk 0:24:09]} 10. Be3 {[%clk 0:22:10]} Nb6
{[%clk 0:23:02]} 11. Nd2 {[%clk 0:20:41]} f5 {[%clk 0:22:44]} 12. f3
{[%clk 0:19:20]} f4 {[%clk 0:21:11]} 13. Bf2 {[%clk 0:18:39]} fxg3
{[%clk 0:17:41]} 14. hxg3 {[%clk 0:18:15]} Bh6 {[%clk 0:17:19]} 15. b3
{[%clk 0:17:57]} Ng7 {[%clk 0:15:22]} 16. Qe1 {[%clk 0:16:26]} Qg5
{[%clk 0:11:56]} 17. Rd1 {[%clk 0:15:29]} Nh5 18. g4 {[%clk 0:11:27]} Ng7
{[%clk 0:07:44]} 19. Bh4 {[%clk 0:10:13]} Qe3+ {[%clk 0:07:47]} 20. Qxe3
{[%clk 0:09:39]} Bxe3+ {[%clk 0:07:55]} 21. Kh1 {[%clk 0:09:24]} g5
{[%clk 0:07:42]} 22. Bg3 {[%clk 0:08:42]} Bd7 {[%clk 0:07:21]} 23. Ne2
{[%clk 0:07:08]} Rf7 {[%clk 0:06:29]} 24. Bh2 {[%clk 0:05:39]} h5
{[%clk 0:04:55]} 25. Bh3 {[%clk 0:04:12]} Raf8 {[%clk 0:04:16]} 26. Ng3
{[%clk 0:03:13]} Bxd2 {[%clk 0:04:09]} 27. Rxd2 {[%clk 0:02:59]} Rxf3
{[%clk 0:03:42]} 28. Rxf3 {[%clk 0:02:43]} Rxf3 {[%clk 0:03:47]} 29. Bg2
{[%clk 0:02:28]} Bxg4 {[%clk 0:01:26]} 30. Bxf3 {[%clk 0:02:28]} Bxf3+
{[%clk 0:01:36]} 31. Kg1 {[%clk 0:02:34]} h4 {[%clk 0:01:45]} 32. Nf5
{[%clk 0:02:31]} Nxf5 {[%clk 0:01:40]} 33. exf5 {[%clk 0:02:39]} Kf7
{[%clk 0:01:48]} 34. Kf2 {[%clk 0:02:05]} Bg4 {[%clk 0:01:39]} 35. Ke3
{[%clk 0:01:27]} Bxf5 {[%clk 0:01:30]} 36. Rg2 {[%clk 0:01:07]} Kf6
{[%clk 0:01:22]} 37. Bg1 {[%clk 0:00:50]} Nd7 {[%clk 0:01:18]} 38. Ke2
{[%clk 0:00:42]} Nf8 {[%clk 0:00:59]} 39. b4 {[%clk 0:00:35]} b6 {[%clk 0:00:54]}
40. bxc5 {[%clk 0:00:31]} bxc5 {[%clk 0:01:02]} 41. Be3 {[%clk 0:00:32]} g4
{[%clk 0:01:04]} 42. Rh2 {[%clk 0:00:26]} Ng6 {[%clk 0:00:55]} 43. a4
{[%clk 0:00:28]} Be4 {[%clk 0:00:41]} 44. Bd2 {[%clk 0:00:13]} g3
{[%clk 0:00:45]} 45. Rh3 {[%clk 0:00:21]} Bg2 {[%clk 0:00:53]} 0-1